banner koha

Economic injury level of canjiqueira in native pastures in pantanal of Nhecolândia (Registro n. 9171)

MARC details
000 -LÍDER
fixed length control field 03451nab a2200325 i 4500
003 - CÓDIGO MARC DA AGÊNCIA CATALOGADORA
Campo de controle BR-BrBNA
005 - DATA E HORA DA ÚLTIMA ATUALIZAÇÃO
Campo de controle 20230911142134.0
008 - CAMPO DE TAMANHO FIXO
fixed length control field 230522b2019 bl.ar|pooa||| 00| 0 eng |
040 ## - FONTE DA CATALOGAÇÃO
Agência catalogadora BR-BrBNA
Idioma da catalogação eng
072 ## - CATEGORIA AGRIS
Código AGRIS E16
072 ## - CATEGORIA AGRIS
Código AGRIS H60
100 ## - ENTRADA PRINCIPAL - NOME PESSOAL
Nome pessoal Berseli, C.
100 ## - ENTRADA PRINCIPAL - NOME PESSOAL
Nome pessoal Bono, J.A.M.
100 ## - ENTRADA PRINCIPAL - NOME PESSOAL
Nome pessoal Santos, S.A.
100 ## - ENTRADA PRINCIPAL - NOME PESSOAL
Nome pessoal Pereira, F.A.R.
100 ## - ENTRADA PRINCIPAL - NOME PESSOAL
Nome pessoal Reis Neto, J.F.
245 ## - TÍTULO PRINCIPAL
Título principal Economic injury level of canjiqueira in native pastures in pantanal of Nhecolândia
500 ## - NOTA GERAL
Nota geral Publicação on-line; 26 ref.; 1 table; 6 illus.; Summaries (En, Pt)
942 ## - ADDED ENTRY ELEMENTS (KOHA)
Koha item type
520 ## - NOTA DE RESUMO
Nota de conteúdo <br/><br/>ABSTRACT - Pantanal plain has large extensions of land formed by many types of<br/>landscapes suitable to extensive livestock system. Open grasslands and lowlands<br/>are formed by forage such as grasses and forbs widely consumed by cattle. However,<br/>climatic and human factors can promote the dissemination of invasive shrub species<br/>such as canjiqueira (Byrsonima cydoniifolia A. Juss) making it necessary, in many<br/>cases, the human intervention to control the invasion. The present work had as<br/>objective to determine the economic threshold level to control canjiqueira through<br/>two methods: tractor driven blade and link chains pulled by tractor in different invasion<br/>levels plants per hectare. Economic Threshold proved to be a tool for efficient and<br/>effective management for making decisions of when and how to do the control of<br/>canjiqueira in natural pastures of Pantanal of Nhecolândia.<br/><br/>Keywords: Byrsonim cydoniifolia A. Juss, cost control, beef cattle, economic<br/>threshold.
520 ## - NOTA DE RESUMO
Nota de conteúdo <br/><br/>RESUMO - A planície pantaneira é composta por extensas áreas formadas por<br/>diversos tipos de paisagens utilizadas para a pecuária de corte, onde o nível<br/>tecnológico utilizado é baixo. O uso do solo é basicamente com forrageiras como<br/>gramíneas e herbáceas nativas para o consumo bovino. A invasão de espécies<br/>arbustivas nas pastagens é um dos problemas na redução da produtividade em<br/>bezerros dos produtores. Na região do pantanal da Nhecolândia, a disseminação<br/>da canjiqueira (Byrsonima cydoniifolia A. Juss) diminui a capacidade de suporte<br/>das forrageiras, fazendo-se necessária, em muitos casos, a intervenção do homem<br/>no controle dessa espécie. Este trabalho teve como objetivo encontrar o nível de<br/>dano econômico para o controle de canjiqueira no Pantanal da Nhecolândia, por<br/>meio de dois métodos: lâmina acoplada ao trator e corrente link tracionada por<br/>tratores. O nível de dano econômico para a decisão da limpeza com o link foi de<br/>8% da cobertura da superfície do solo com a invasora; independentemente da<br/>infestação, o controle com a lâmina variou de 9% a 30%, de acordo com a densidade<br/>de invasão. O método com lâmina apresentou eficiência média de 83%, e o link de<br/>70%.<br/><br/>Palavras-chave: Byrsonima cydoniifolia A. Juss, custo de controle, pecuária de<br/>corte, limiar econômico.
650 ## - ASSUNTO - THESAGRO
Cabeçalho tópico ou nome geográfico ERVA DANINHA
650 ## - ASSUNTO - THESAGRO
Cabeçalho tópico ou nome geográfico CUSTO
650 ## - ASSUNTO - THESAGRO
Cabeçalho tópico ou nome geográfico CONTROLE MECÂNICO
650 ## - ASSUNTO - THESAGRO
Cabeçalho tópico ou nome geográfico GADO DE CORTE
650 ## - ASSUNTO - THESAGRO
Cabeçalho tópico ou nome geográfico IMPACTO ECONÔMICO
773 0# - ENTRADA ANALÍTICA
Host Biblionumber 886
Registro do item 1816
Imprenta Londrina-PR : Sociedade Brasileira da Ciência das Plantas Daninhas, 1978
Outro identificador 2023-031023
Título Planta Daninha (Brazil)
ISSN 0100-8358; 1806-9681 (on-line)
Colação v. 37 p. 1-9; (2019)
Número de controle de registro BR2023000393
856 ## - ACESSO E ENDEREÇO ELETRÔNICO
Identificador uniforme de recurso - URI https://www.scielo.br/j/pd/a/Qqw5prFQsfLfLwBNvdz3mpS/?format=pdf&lang=en

Nenhum exemplar disponível.

BINAGRI

Telefone: (61)3218-2567/2388/3357/2097 - binagri@agro.gov.br

Ministério da Agricultura e Pecuária , Esplanada dos Ministérios, Bloco D, Anexo B, Brasília/DF, CEP: 70.043-900